书目信息 |
| 题名: |
DSLR镜头完全探索
|
|
| 作者: | ;摄影学园 著 | |
| 分册: | ||
| 出版信息: | 北京 科学出版社 2009 |
|
| 页数: | 314页 | |
| 开本: | 26cm | |
| 丛书名: | ||
| 单 册: | ||
| 中图分类: | TB852.1 | |
| 科图分类: | ||
| 主题词: | 数字照相机--摄影镜头--基本知识 , 数字照相机 , 摄影镜头 | |
| 电子资源: | ||
| ISBN: | 978-7-03-023198-7 | |
| 000 | 00786nam0 2200253 45 | |
| 001 | 1033125921 | |
| 005 | 20100407101755.53 | |
| 010 | @a978-7-03-023198-7@dCNY108.00 | |
| 100 | @a20100402d2009 em y0chiy0120 ea | |
| 101 | 0 | @achi |
| 102 | @aCN@b110000 | |
| 105 | @aa z 000yy | |
| 106 | @ar | |
| 200 | 1 | @aDSLR镜头完全探索@ADSLR Jing Tou Wan Quan Tan Suo@f摄影学园著@FShe Ying Xue Yuan Zhu |
| 210 | @a北京@c科学出版社@d2009 | |
| 215 | @a314页@d26cm | |
| 330 | @a本书根据不同摄影需求,介绍了风景、人像、生态、旅游、梦幻镜头及周边配件等。 | |
| 606 | 0 | @a数字照相机@x摄影镜头@x基本知识 |
| 606 | 0 | @a数字照相机 |
| 606 | 0 | @a摄影镜头 |
| 690 | @aTB852.1@v4 | |
| 711 | 02 | @a摄影学园@AShe Ying Xue Yuan@4著 |
| 801 | 0 | @aCN@bTANGWEI@c20100407 |
| 905 | @b0588664-66@dTB852.1@e145@f3 | |
| DSLR镜头完全探索/摄影学园著.-北京:科学出版社,2009 |
| 314页;26cm |
| ISBN 978-7-03-023198-7:CNY108.00 |
| 本书根据不同摄影需求,介绍了风景、人像、生态、旅游、梦幻镜头及周边配件等。 |
| ● |
| 相关链接 |
|
|
|
|
正题名:DSLR镜头完全探索
索取号:TB852.1/145
 
预约/预借
| 序号 | 登录号 | 条形码 | 馆藏地/架位号 | 状态 | 备注 |
| 1 | 0588664 | 205886647 | 第二样本阅览室/ [索取号:TB852.1/145] | 在馆 | |
| 2 | 0588665 | 205886656 | 第三借阅区/ [索取号:TB852.1/145] | 在馆 | |
| 3 | 0588666 | 205886665 | 第三借阅区/ [索取号:TB852.1/145] | 在馆 |